000 006800000a22001930004500
090 _aAR
_b01311
245 1 0 _aEvolution, biogeography, and description of a new species of fruit-eating bat, genus Artibeus leach (<1821>), from Panamá
650 1 4 _aEvolución
_992797
650 1 4 _aBiogeografía
_992747
650 1 4 _aMorfología animal
_99953
650 1 4 _aMurciélagos
_92659
651 4 _mIsla Escudo de Veraguas
_dBocas del Toro
_pPanamá
_992749
653 _gArtibeus
_eArtibeus incominatus
041 0 _aInglés
700 1 _aHandley, Charles O.
_993068
100 1 _aKalko, Elisabeth K. V.
_993070
942 _cARTICULO
773 1 _tSäugetierkunde
_3479
_h59
_q257-273
_d1994
999 _c10396
_d10396